000 02109nam0a2200361 4500
001 RU\NLR\BIBL_A\022106133
005 20240726151459.0
010 _a978-5-4316-1068-4
_9150
021 _aRU
_bКН-П-23-075025
_9КН-П-23-7580
035 _a(NLR Aleph) 022106133
035 _a(RuMoRGB)012383445
090 _a12762414
_c12762414
100 _a20240111d2023 u y0rusy50 ca
101 0 _arus
102 _aRU
105 _aa j 000yy
181 0 _ai3
_baxxe
182 1 _an
200 1 _aРасчеты по технической эксплуатации авиационной техники
_eучебное пособие
_eдля военной подготовки студентов военных учебных центров, высших учебных заведений по военно-учетной специальности "Эксплуатация и ремонт самолетов, вертолетов и авиационных двигателей"
_fВ. С. Олешко, С. В. Пигин
_gМинистерство науки и высшего образования Российской Федерации, Московский авиационный институт (национальный исследовательский университет)
203 _aТекст
_bвизуальный
_cнепосредственный
210 _aМосква
_cИзд-во МАИ
_d2023
215 _a88 с.
_cил., табл.
_d21
320 _aБиблиогр.: с. 87 (8 назв.)
606 1 _aАвиационная техника
_jУчебные издания для высших учебных заведений
_xЭксплуатация
_91084147
_3RU\NLR\AUTH\66105294
675 _a629.7.083(075)
_v4
686 _a39.52-082я7
_2rubbks
686 1 _aО52-082я73-1
700 1 _aОлешко
_bВ. С.
_gВладимир Станиславович
701 1 _aПигин
_bС. В.
_gСергей Васильевич
942 _cBOOK
980 _aNB